| 000 | 00485nam a2200169 a 4500 | ||
|---|---|---|---|
| 005 | 20140310183134.0 | ||
| 008 | 030428s19uu xx 00 eng d | ||
| 020 | _a9780071180788 | ||
| 050 |
_aQH 491 _b.K35 2001 |
||
| 100 | _akalthoff, Klaus | ||
| 245 |
_aAnalysis of biological development / _cKlaus Kalthoff. |
||
| 260 |
_aBoston : _bMcGraw Hill, _c2001. |
||
| 300 |
_a790 p. : _bill. col. ; _c27 cm. |
||
| 650 | _aDevelopmental biology | ||
| 942 |
_cBK _2lcc _kFOR |
||
| 999 |
_c19222 _d19222 |
||